Stratégies de communication des adolescents Francais analyse des communications dans la BD du magazine Okapi : Memoire de master sciences de l'education spécialité: Didactique et méthodologie du Francais langgue ẻtangère

שמור ב:
מידע ביבליוגרפי
מחבר ראשי: Nguyễn, Thanh Tú
פורמט: ספר
שפה:Undetermined
יצא לאור: Cần Thơ Trường Đại học Cần Thơ 2011
נושאים:
תגים: הוספת תג
אין תגיות, היה/י הראשונ/ה לתייג את הרשומה!
Thư viện lưu trữ: Trung tâm Học liệu Trường Đại học Cần Thơ
LEADER 00886nam a2200217Ia 4500
001 CTU_167872
008 210402s9999 xx 000 0 und d
082 |a 447.007 
082 |b T500 
088 |a 60140111 
100 |a Nguyễn, Thanh Tú 
245 0 |a Stratégies de communication des adolescents Francais analyse des communications dans la BD du magazine Okapi : 
245 0 |b Memoire de master sciences de l'education spécialité: Didactique et méthodologie du Francais langgue ẻtangère 
245 0 |c Nguyễn Thanh Tú ; Trần Thanh Ái ( directeur de recherche ) 
260 |a Cần Thơ 
260 |b Trường Đại học Cần Thơ 
260 |c 2011 
650 |a French,Tiếng Pháp 
650 |x Study and teaching,Nghiên cứu và giảng dạy 
904 |i Qhieu 
980 |a Trung tâm Học liệu Trường Đại học Cần Thơ